000 00472nam a22000977a 4500
008 150714b xxu||||| |||| 00| 0 eng d
010 _8 HCCRSARF: 026
245 _aHIGH COURT CRIMINAL SESSION No.177of 1974 Uganda Vs Koatanti Wetaka Wekanda alias Gregory Wandukwa
260 _aHigh Court Kampala
500 _3Before: Hon. Mr. Justice S.T. Manyindo
999 _c7792
_d7792